Economy of tamil nadu today : (Record no. 139176)

MARC details
000 -LEADER
fixed length control field 00732nam a22002057a 4500
005 - DATE AND TIME OF LATEST TRANSACTION
control field 20170421121021.0
010 ## - LCCN (DPL NO)
LC control number ENG-117904
020 ## - INTERNATIONAL STANDARD BOOK NUMBER
Terms of availability 1480.00
International Standard Book Number 9788184845723
035 ## - SYSTEM CONTROL NUMBER
System control number EN-101436
037 ## - SOURCE OF ACQUISITION
Source of stock number/acquisition DBAD/PUB
245 ## - TITLE STATEMENT
Title Economy of tamil nadu today :
Statement of responsibility, etc edited by Jegadish Gandhi [and] P. Anbalagan ; foreword by A. Arulappan
Remainder of title new realities and challenges /
260 ## - PUBLICATION, DISTRIBUTION, ETC. (IMPRINT)
Place of publication, distribution, etc New Delhi
Name of publisher, distributor, etc Rahul Composers
Date of publication, distribution, etc 2016
270 ## - ADDRESS
Address New Highway Apartments, Lakshmi Niwas 760,Pocket-D, Lok Nayak Puram,
City New Delhi
Postal code 110041
300 ## - PHYSICAL DESCRIPTION
Extent xxii,345p.:
Dimensions 22cm(Hb)
Other physical details ill.
500 ## - GENERAL NOTE
General note includes index
700 ## - ADDED ENTRY--PERSONAL NAME
Personal name Gandhi,Jegadish
700 ## - ADDED ENTRY--PERSONAL NAME
Personal name P. Anbalagan
700 ## - ADDED ENTRY--PERSONAL NAME
Personal name A. Arulappan
942 ## - ADDED ENTRY ELEMENTS (KOHA)
Source of classification or shelving scheme Dewey Decimal Classification
Item type English Books
Classification part 338.954
Call number suffix ECO
Holdings
Withdrawn status Lost status Not for loan Collection code Home library Current library Date acquired Source of acquisition Cost, normal purchase price Full call number Barcode Copy number Cost, replacement price Koha item type
    Not For Loan Non-fiction D.B.Act.Division Bawana 21/04/2017 DBAD/PUB. 1480.00 338.954 ECO EN-101436 1 1480.00 English Books

© Delhi Public Library
Hit Counter
free hit counter